Advanced financial accounting. / (Record no. 1034)

MARC details
000 -LEADER
fixed length control field 01365nam a22001937a 4500
008 - FIXED-LENGTH DATA ELEMENTS--GENERAL INFORMATION
fixed length control field 120530t xxu||||| |||| 00| 0 eng d
020 ## - INTERNATIONAL STANDARD BOOK NUMBER
International Standard Book Number 9780073526744
050 ## - LIBRARY OF CONGRESS CALL NUMBER
Classification number HF5635.B1652
100 ## - MAIN ENTRY--PERSONAL NAME
Personal name Baker, Richard E.
245 ## - TITLE STATEMENT
Title Advanced financial accounting. /
260 ## - PUBLICATION, DISTRIBUTION, ETC.
Place of publication, distribution, etc. Boston:
Name of publisher, distributor, etc. Mcgraw-Hill,
Date of publication, distribution, etc. 2008.
300 ## - PHYSICAL DESCRIPTION
Extent xxiii, 1046 p.:
Other physical details ill.;
Dimensions 26cm.
500 ## - GENERAL NOTE
General note Includes index.
505 ## - FORMATTED CONTENTS NOTE
Formatted contents note Contents: Intercorporate acquisitions and investments in other entities -- Reporting intercorporate interests -- The Reporting entity and consolidated of wholly owned subsidiaries -- Intercompany transfers of services and noncurrent assets -- Intercompany inventory transactions -- Indebtnesss -- Consolidation ownership issues -- Additional consolidation reporting issues -- Multinational accounting: foriegn currency transactions and financial instruments -- Multinational accounting: translation of foreign entity statements -- Segments and interim reporting -- SEC Reporting -- Partnerships: formation, operation and changes in membership -- Partnership: Liquidation -- Governmental entities : Introduction and general fund accounting -- Governmental entities: special fund accounting -- Not for profit entities -- Corporations in financial difficulty.
650 ## - SUBJECT ADDED ENTRY--TOPICAL TERM
Topical term or geographic name entry element Accounting.
700 ## - ADDED ENTRY--PERSONAL NAME
Personal name Lembke, Valdean C.
700 ## - ADDED ENTRY--PERSONAL NAME
Personal name king, Thomas E.
942 ## - ADDED ENTRY ELEMENTS (KOHA)
Source of classification or shelving scheme Library of Congress Classification
Koha item type Books
Holdings
Withdrawn status Lost status Source of classification or shelving scheme Damaged status Not for loan Home library Current library Shelving location Date acquired Total Checkouts Full call number Barcode Date last seen Copy number Price effective from Koha item type
    Library of Congress Classification     WISCONSIN INTERNATIONAL UNIVERSITY COLLEGE, GHANA - MAIN LIBRARY WISCONSIN INTERNATIONAL UNIVERSITY COLLEGE, GHANA - MAIN LIBRARY General Stacks 30/05/2012   HF5635.B165 2702/12 30/05/2012 1 30/05/2012 Books
    Library of Congress Classification     WISCONSIN INTERNATIONAL UNIVERSITY COLLEGE, GHANA - MAIN LIBRARY WISCONSIN INTERNATIONAL UNIVERSITY COLLEGE, GHANA - MAIN LIBRARY General Stacks 30/05/2012   HF5635.B1651 2703/12 30/05/2012 2 30/05/2012 Books
    Library of Congress Classification     WISCONSIN INTERNATIONAL UNIVERSITY COLLEGE, GHANA - MAIN LIBRARY WISCONSIN INTERNATIONAL UNIVERSITY COLLEGE, GHANA - MAIN LIBRARY General Stacks 05/06/2012   HF5635.B1652 2704/12 05/06/2012 3 05/06/2012 Books

If you have any concerns or questions; kindly contact the library


© Powered by WIUC ICT DIRECTORATE